| 000 | 00893nam a22002055i 4500 | ||
|---|---|---|---|
| 001 | 165561 | ||
| 003 | ES-MaACL | ||
| 005 | 20250627063658.0 | ||
| 008 | 961108s1880 sp |||| | spa d | ||
| 040 |
_aEUS _bspa _cEUS |
||
| 080 | _a061.235(460.15)(091) | ||
| 100 | 1 |
_aSoraluce y Zubizarreta, Nicolás de, _d1820-1884 _9132822 |
|
| 245 | 1 | 0 |
_aReal Sociedad Bascongada de los Amigos del País _b: sus antecedentes y otros sucesos con ella relacionados : historia compendiada / _cpor D. Nicolás de Soraluce y Zubizarreta. |
| 260 |
_a[S.l. : _bs.n.], _c1880 ( _eSan Sebastian : _fEstablecimiento Tipográfico de Juan Oses..) |
||
| 300 |
_a108, [4] p. ; _c21 cm. |
||
| 597 | _aSignaturizado. | ||
| 610 | 2 | 4 |
_aReal Sociedad Bascongada de los Amigos del País- _vHistoria _96367 |
| 852 |
_aES-MaACL _jT-427-F-5 _z-- Enc. hol. _z-- Enc. en un vol. facticio |
||
| 999 |
_c165561 _d165561 |
||